000 00331nam a22001217a 4500
020 _a9789360458195
082 _a320.954 BHA/I
100 _aBhatia, Rahul
245 _aThe Identity project:
_b the unmaking of a democracy/
_cby Rahul Bhatia
260 _a. - Chennai
_b: Context
_c, 2024
300 _a449 pages
942 _2ddc
_cBK
999 _c750243
_d750243